000 01401nam a2200421 i 4500
001 56028
003 KOSZ 005
005 20220120145602.0
008 080208s2007 pl f f |001 0 pol
015 _aPB 2008/4586
020 _a9788301152314
035 _a(OCoLC)749813590
040 _aWA N
_cWA N
_dKOSZ 005/HR
046 _k2007
080 _a519.86:336
080 _a(075.8)
100 1 _aPiasecki, Krzysztof
_eAutor
245 1 0 _aModele matematyki finansowej :
_binstrumenty podstawowe /
_cKrzysztof Piasecki.
260 _aWarszawa :
_bWydawnictwo Naukowe PWN,
_c2007.
300 _a359, [1] s. ;
_c24 cm.
336 _2rdacontent
_aTekst
_btxt
337 _2rdamedia
_aBez urządzenia pośredniczącego
_bn
338 _2rdacarrier
_aWolumin
_bnc
380 _aKsiążki
380 _aPublikacje dydaktyczne
385 _mPoziom nauczania
_aSZkoły wyższe
388 _a2001-
490 1 _aFFF. Inwestycje.
504 _aBibliogr. s. 351-356. Indeks.
650 4 _aMatematyka finansowa
655 4 _aPodręczniki akademickie
658 _aGospodarka, ekonomia, finanse
658 _aMatematyka
710 2 _aWydawnictwo Naukowe PWN
_4pbl.
856 _uhttp://koha.tu.koszalin.pl/cgi-bin/koha/opac-detail.pl?biblionumber=56028
_yKatalog online BPK
830 0 _aFFF - Wydawnictwo Naukowe PWN.
_pInwestycje
942 _2UKD
_cKS
999 _c56028
_d56028